[Event "Pardubice op rap 26th"]
[Site "Pardubice"]
[Date "2015.07.23"]
[Round "6"]
[White "Heredia Serrano, Carla Sofia"]
[Black "Martynyuk, Daniil"]
[Result "1/2-1/2"]
[WhiteElo "2168"]
[BlackElo "1907"]
[PlyCount "120"]
[EventDate "2015.07.22"]
[EventType "swiss (rapid)"]
[EventRounds "9"]
[EventCountry "CZE"]
[SourceTitle "CBM 167 Extra"]
[Source "ChessBase"]
[SourceDate "2015.09.14"]
[SourceVersion "1"]
[SourceVersionDate "2015.09.14"]
[SourceQuality "1"]

1. e4 e5 2. Nf3 d6 3. d4 Nd7 4. Nc3 c6 5. Bc4 Be7 6. a4 Ngf6 7. 0-0 0-0 8. a5 Qc7 9. Qe2 Rb8 10. d5 cxd5 11. exd5 a6 12. h3 Kh8 13. Nh4 Bd8 14. b4 Ne8 15. Nf3 h6 16. Bb2 f5 17. Bb3 Ndf6 18. Na4 Qf7 19. Rad1 Kh7 20. Rfe1 Bd7 21. c4 e4 22. Nd4 Rc8 23. Nc3 Nh5 24. Bc1 g6 25. Na4 Nef6 26. Qd2 Qg7 27. Ne6 Bxe6 28. dxe6 Ne8 29. Nb6 Bxb6 30. axb6 g5 31. Bb2 Qe7 32. c5 Rd8 33. Qc3 Nf4 34. c6 bxc6 35. Qxc6 Nd3 36. Rxd3 exd3 37. Qc3 Rb8 38. Qxd3 Rxb6 39. Qd4 Rb7 40. Bd5 Rc7 41. g4 Rc2 42. gxf5 Rxb2 43. Qxb2 Nf6 44. Qd4 Rg8 45. Bf3 h5 46. Rd1 g4 47. hxg4 Nxg4 48. Bg2 Nf6 49. Qxd6 Qb7 50. Qd7+ Nxd7 51. Rxd7+ Qxd7 52. exd7 Rd8 53. Bc6 Kg7 54. Kg2 Kf6 55. Kg3 Kxf5 56. Kh4 Rb8 57. Bb7 Ke6 58. Bc8 Ke7 59. Bxa6 Rxb4+ 60. Kxh5 Rf4 1/2-1/2

[Event "Pardubice op rap 26th"]
[Site "Pardubice"]
[Date "2015.07.22"]
[Round "2"]
[White "Martynyuk, Daniil"]
[Black "Nakar, Eylon"]
[Result "0-1"]
[WhiteElo "1907"]
[BlackElo "2479"]
[PlyCount "78"]
[EventDate "2015.07.22"]
[EventType "swiss (rapid)"]
[EventRounds "9"]
[EventCountry "CZE"]
[SourceTitle "CBM 167 Extra"]
[Source "ChessBase"]
[SourceDate "2015.09.14"]
[SourceVersion "1"]
[SourceVersionDate "2015.09.14"]
[SourceQuality "1"]

1. f4 d5 2. g3 g6 3. Nf3 Bg7 4. Bg2 Nd7 5. 0-0 c6 6. d3 Qb6+ 7. d4 Nh6 8. e3 Nf5 9. Qe2 Nd6 10. Nbd2 Nf6 11. c4 Qa6 12. b3 Bf5 13. Bb2 Nfe4 14. Rfc1 0-0 15. Nxe4 Bxe4 16. Nd2 Bxg2 17. Qxg2 e6 18. a4 Rfd8 19. Qf1 Rac8 20. b4 Nf5 21. Kf2 Qb6 22. c5 Qc7 23. Qd3 f6 24. Nf3 Rf8 25. Kg2 Rce8 26. Bc3 Qe7 27. Rab1 g5 28. h3 Qf7 29. g4 Ne7 30. Rf1 gxf4 31. exf4 Ng6 32. Bd2 Qc7 33. Qe3 Bh6 34. g5 Bg7 35. Kh1 fxg5 36. Nxg5 Nh4 37. Nxe6 Qf7 38. Rbe1 Nf5 39. Qe2 Ng3+ 0-1

[Event "Pardubice op rap 26th"]
[Site "Pardubice"]
[Date "2015.07.22"]
[Round "3"]
[White "Martynyuk, Daniil"]
[Black "Yakimenko, Alexander A"]
[Result "0-1"]
[WhiteElo "1907"]
[BlackElo "2202"]
[PlyCount "75"]
[EventDate "2015.07.22"]
[EventType "swiss (rapid)"]
[EventRounds "9"]
[EventCountry "CZE"]
[SourceTitle "CBM 167 Extra"]
[Source "ChessBase"]
[SourceDate "2015.09.14"]
[SourceVersion "1"]
[SourceVersionDate "2015.09.14"]
[SourceQuality "1"]

1. f4 d5 2. g3 c6 3. Bg2 Nf6 4. Nf3 Bg4 5. 0-0 Nbd7 6. d4 e6 7. e3 Bd6 8. Nbd2 Qb6 9. Qe2 0-0 10. c3 Ne4 11. Qe1 Bxf3 12. Bxf3 f5 13. Nxe4 fxe4 14. Bg2 Nf6 15. h3 a5 16. g4 a4 17. Qe2 c5 18. h4 a3 19. b3 cxd4 20. exd4 Rac8 21. Bd2 e5 22. fxe5 Bxe5 23. Kh1 Bb8 24. Rac1 Qe6 25. Bh3 Nh5 26. Kg1 Ng3 27. Qg2 Nxf1 28. Rxf1 Rxf1+ 29. Kxf1 Rf8+ 30. Ke2 Rf3 31. Kd1 Qa6 32. g5 Qd3 33. Qg4 Rxh3 34. Qe6+ Kf8 35. Qc8+ Kf7 36. g6+ hxg6 37. Qd7+ Kg8 38. Qf5 0-1

[Event "Pardubice Infinity op 26th"]
[Site "Pardubice"]
[Date "2015.07.19"]
[Round "4"]
[White "Simkin, Alexander"]
[Black "Martynyuk, Daniil"]
[Result "0-1"]
[WhiteElo "1842"]
[BlackElo "1907"]
[PlyCount "100"]
[EventDate "2015.07.17"]
[EventType "swiss"]
[EventRounds "7"]
[EventCountry "CZE"]
[SourceTitle "EXT 2017"]
[Source "ChessBase"]
[SourceDate "2016.10.25"]
[SourceVersion "1"]
[SourceVersionDate "2016.10.25"]
[SourceQuality "1"]

1. e4 e5 2. Nf3 d6 3. d4 Nd7 4. Bc4 c6 5. 0-0 Be7 6. Re1 Ngf6 7. Bg5 0-0 8. c3 Qc7 9. Nbd2 b5 10. Bb3 Rb8 11. Rc1 a5 12. a3 c5 13. d5 Nb6 14. h3 Ne8 15. Bxe7 Qxe7 16. Nf1 f5 17. exf5 Bxf5 18. Nxe5 Qf6 19. Nc6 Rb7 20. Ng3 Bxh3 21. Qe2 Bd7 22. Nxa5 Rc7 23. Rcd1 Qf7 24. c4 Ra7 25. Nc6 Bxc6 26. dxc6 bxc4 27. Bc2 g6 28. Ne4 Re7 29. f3 Re5 30. Qd2 Qe7 31. Nc3 Nc7 32. Rxe5 Qxe5 33. Ne4 d5 34. Nxc5 Qxb2 35. Rb1 Qxa3 36. Nd7 Nxd7 37. cxd7 Qc5+ 38. Kh1 Qc6 39. Rd1 Qxd7 40. Qd4 Qc6 41. Rb1 Qf6 42. Qc5 Rf7 43. Rb6 Qa1+ 44. Rb1 Qe5 45. Be4 Kg7 46. Kg1 Re7 47. Rb7 Rf7 48. Qa5 Qd4+ 49. Kh2 dxe4 50. Rxc7 Qd6+ 0-1